|
|
|
|
| LEADER |
00000nam0a2200000 4500 |
| 001 |
340522 |
| 005 |
20231102005240.0 |
| 035 |
|
|
|a (RuTPU)RU\TPU\book\367423
|
| 090 |
|
|
|a 340522
|
| 100 |
|
|
|a 20180402d1966 k y0rusy50 ca
|
| 101 |
0 |
|
|a rus
|
| 102 |
|
|
|a KZ
|
| 105 |
|
|
|a y dm 001zy
|
| 200 |
1 |
|
|a Изучение кинетики реакций взаимодействия соединений элементов шестой группы со ртутью
|e автореферат диссертации на соискание ученой степени кандидата химических наук
|f Т. Г. Москвичева (Похвалитова)
|g Казахский государственный университет (КазГУ) ; науч. рук. Е. Ф. Сперанская, М. Т. Козловский
|
| 210 |
|
|
|a Алма-Ата
|c [Б. и.]
|d 1966
|
| 215 |
|
|
|a 28 с.
|
| 300 |
|
|
|a Защита сост. в декабре 1966 г.
|
| 320 |
|
|
|a Библиогр.: с. 27-28 (6 назв.)
|
| 606 |
1 |
|
|a Ртуть
|x Электрохимия
|2 stltpush
|3 (RuTPU)RU\TPU\subj\77281
|9 87722
|
| 610 |
1 |
|
|a неорганическая химия
|
| 610 |
1 |
|
|a благородные металлы
|
| 610 |
1 |
|
|a кинетика
|
| 610 |
1 |
|
|a химические реакции
|
| 610 |
1 |
|
|a ртутные электроды
|
| 610 |
1 |
|
|a полярографическое восстановление
|
| 610 |
1 |
|
|a электрохимические свойства
|
| 610 |
1 |
|
|a электрокапиллярные явления
|
| 610 |
1 |
|
|a вольфрам
|
| 610 |
1 |
|
|a окислительно-восстановительные потенциалы
|
| 610 |
1 |
|
|a молибден
|
| 610 |
1 |
|
|a хром
|
| 610 |
1 |
|
|a электролиты
|
| 610 |
1 |
|
|a поглощение
|
| 610 |
1 |
|
|a авторефераты диссертаций
|
| 610 |
1 |
|
|a библиотека А. Г. Стромберга
|
| 675 |
|
|
|a 546.49(04)
|v 4
|
| 700 |
|
1 |
|a Москвичева (Похвалитова)
|b Т. Г.
|
| 702 |
|
1 |
|a Сперанская
|b Е. Ф.
|4 727
|
| 702 |
|
1 |
|a Козловский
|b М. Т.
|4 727
|
| 712 |
0 |
2 |
|a Казахский государственный университет (КазГУ)
|c (Алма-Ата)
|2 stltpush
|3 (RuTPU)RU\TPU\col\8922
|
| 801 |
|
1 |
|a RU
|b 63413507
|c 20180402
|
| 801 |
|
2 |
|a RU
|b 63413507
|c 20180423
|g RCR
|
| 942 |
|
|
|c BK
|